[Event "Litomysl 2006"]
[Site "?"]
[Date "2006.12.27"]
[Round "2.18"]
[White "Jacko, Vladimir"]
[Black "Ganaus, Hannes"]
[Result "1/2-1/2"]
[WhiteElo "2186"]
[BlackElo "2326"]
[PlyCount "130"]
[EventDate "2006.12.26"]

1. e4 e6 2. Qe2 c5 3. f4 b6 4. Nf3 Bb7 5. d3 g6 6. g3 Bg7 7. Bg2 Ne7 8. O-O O-O
9. c3 Nbc6 10. Rd1 Rc8 11. Be3 d5 12. Bf2 Qd7 13. Na3 Rfe8 14. e5 a6 15. Nc2 h6
16. h4 h5 17. Kh2 Nf5 18. Bh3 d4 19. c4 f6 20. Rg1 fxe5 21. fxe5 Rf8 22. Raf1
Nh6 23. Ng5 Rce8 24. Be1 Rxf1 25. Rxf1 Nxe5 26. Bd2 Nhg4+ 27. Kg1 Qc6 28. Ne4
Rf8 29. Ne1 Rxf1+ 30. Kxf1 Nxc4 31. Bxg4 Nxd2+ 32. Nxd2 hxg4 33. Qxg4 e5 34.
Ke2 b5 35. b3 Bc8 36. Qf3 Qxf3+ 37. Kxf3 Bb7+ 38. Ke2 Kf7 39. Nef3 Ke6 40. g4
Bh6 41. g5 Bg7 42. Ne4 Bxe4 43. dxe4 c4 44. bxc4 bxc4 45. Nd2 c3 46. Nb3 Kd6
47. Kd3 Kc6 48. a4 Bf8 49. Kc2 Bb4 50. Kd3 Kd7 51. Kc2 Kd6 52. Nc1 Ba5 53. Nb3
Bd8 54. Kd3 Be7 55. Ke2 Kc6 56. Kd3 Bb4 57. Kc2 Kd6 58. Nc1 Ba5 59. Nb3 d3+ 60.
Kxd3 c2 61. Kxc2 Be1 62. Kd3 Bxh4 63. Ke3 Bxg5+ 64. Kf3 Be7 65. Kg4 Kc6 1/2-1/2

[Event "Litomysl 2006"]
[Site "?"]
[Date "2006.12.27"]
[Round "2.21"]
[White "Cerveny, Martin"]
[Black "Simecek, Bohumil"]
[Result "1/2-1/2"]
[WhiteElo "2297"]
[BlackElo "2095"]
[PlyCount "95"]
[EventDate "2006.12.26"]

1. d4 Nf6 2. c4 c6 3. Nf3 d5 4. e3 a6 5. c5 Bf5 6. Qb3 Qc7 7. Nc3 h6 8. g3 Nbd7
9. Bg2 e6 10. O-O Be7 11. Nh4 Bh7 12. f4 O-O 13. Bd2 b6 14. cxb6 Nxb6 15. Na4
Nc4 16. Qd1 c5 17. b3 Nxd2 18. Qxd2 cxd4 19. exd4 Ne4 20. Qe3 Rfc8 21. Rfc1 Qd8
22. Nf3 Ba3 23. Rxc8 Rxc8 24. Ne5 f6 25. Nd3 Rc2 26. b4 Qd6 27. Nac5 Rc3 28.
Qe2 Rc4 29. Bh3 Bf5 30. Bxf5 exf5 31. Rb1 Rxd4 32. Rb3 Nxc5 33. Nxc5 Bxb4 34.
Qe8+ Kh7 35. Nd3 Re4 36. Qc8 Kg6 37. g4 fxg4 38. a3 Bd2 39. Qxg4+ Kh7 40. Qf5+
g6 41. Rb7+ Re7 42. Rxe7+ Qxe7 43. Qxd5 Qe3+ 44. Kg2 Qe2+ 45. Kg3 Be1+ 46. Nxe1
Qxe1+ 47. Kg2 Qe2+ 48. Kg1 1/2-1/2

[Event "Litomysl 2006"]
[Site "?"]
[Date "2006.12.27"]
[Round "2.30"]
[White "Grecescu, Gabriel-Andrei"]
[Black "Nisztuk, Michal"]
[Result "1-0"]
[WhiteElo "2405"]
[BlackElo "1874"]
[PlyCount "61"]
[EventDate "2006.12.26"]

1. c4 e5 2. g3 c6 3. d4 e4 4. Nc3 d5 5. h4 Nf6 6. Bg5 Be7 7. e3 Nbd7 8. cxd5
cxd5 9. Bb5 O-O 10. Bxd7 Qxd7 11. Qb3 Rd8 12. Nge2 b6 13. Qb5 Bb7 14. Qxd7 Rxd7
15. Bxf6 Bxf6 16. Kd2 Rc8 17. Rhc1 a6 18. Nf4 Rcd8 19. Na4 Rd6 20. Rc7 Bc6 21.
b3 Bxa4 22. bxa4 g5 23. hxg5 Bxg5 24. Nh5 Rh6 25. g4 Kf8 26. Rac1 Be7 27. Rb7
f5 28. Rcc7 fxg4 29. Nf4 Bg5 30. Rf7+ Ke8 31. Rg7 1-0

[Event "Litomysl 2006"]
[Site "?"]
[Date "2006.12.28"]
[Round "3.1"]
[White "Vyskocil, Neklan"]
[Black "Dydyshko, Viacheslav"]
[Result "0-1"]
[WhiteElo "2374"]
[BlackElo "2562"]
[PlyCount "72"]
[EventDate "2006.12.26"]

1. e4 c5 2. Nf3 d6 3. d4 cxd4 4. Nxd4 Nf6 5. Nc3 a6 6. h3 e6 7. g4 b5 8. g5
Nfd7 9. Bg2 b4 10. Nce2 Bb7 11. h4 Be7 12. Ng3 Nc5 13. f4 g6 14. Qe2 Nbd7 15.
Nb3 Qc7 16. Nxc5 Nxc5 17. h5 O-O-O 18. Bd2 d5 19. e5 Na4 20. b3 Nc3 21. Qf3 Nb5
22. Ne2 Kb8 23. c3 bxc3 24. Nxc3 Nxc3 25. Qxc3 Qxc3 26. Bxc3 d4 27. Bxb7 dxc3
28. Bxa6 Ba3 29. Ke2 Rd2+ 30. Ke3 Rhd8 31. Be2 c2 32. hxg6 hxg6 33. Rhf1 Kb7
34. Kf3 Kb6 35. Ke3 Ka5 36. Rae1 Kb4 0-1

[Event "Litomysl 2006"]
[Site "?"]
[Date "2006.12.28"]
[Round "3.2"]
[White "Kadziolka, Beata"]
[Black "Simacek, Pavel"]
[Result "0-1"]
[WhiteElo "2346"]
[BlackElo "2479"]
[PlyCount "70"]
[EventDate "2006.12.26"]

1. d4 d5 2. c4 dxc4 3. Nf3 Nf6 4. e3 e6 5. Bxc4 c5 6. Qe2 a6 7. dxc5 Bxc5 8.
O-O b5 9. Bd3 Nc6 10. Rd1 Qe7 11. a4 b4 12. Nbd2 Na5 13. e4 e5 14. b3 Be6 15.
Bb2 Nxb3 16. Nxb3 Bxb3 17. Rf1 Nd7 18. Bxa6 O-O 19. Bb5 f6 20. Nd2 Be6 21. Nc4
Nb6 22. Ne3 Ra5 23. Rfc1 Rc8 24. Nf5 Qa7 25. Qg4 Kh8 26. Qg3 Bxf5 27. exf5 Nxa4
28. Rxa4 Rxa4 29. Bxa4 Qxa4 30. Qd3 Qc6 31. h4 Qb6 32. Kh2 Rd8 33. Qe4 Bxf2 34.
Rc6 Qe3 35. Rd6 Rc8 0-1

[Event "Litomysl 2006"]
[Site "?"]
[Date "2006.12.28"]
[Round "3.4"]
[White "Krupa, Monika"]
[Black "Grunberg, Mihai-Lucian"]
[Result "0-1"]
[WhiteElo "2309"]
[BlackElo "2414"]
[PlyCount "86"]
[EventDate "2006.12.26"]

1. e4 Nf6 2. e5 Nd5 3. Nc3 Nxc3 4. bxc3 d6 5. f4 c5 6. d4 dxe5 7. fxe5 Nc6 8.
Nf3 Bg4 9. Bc4 e6 10. O-O Be7 11. Rb1 O-O 12. Be3 Qc7 13. Bd3 Rad8 14. h3 cxd4
15. cxd4 Bxf3 16. Qxf3 Nb4 17. Qe4 g6 18. a3 Nd5 19. Bh6 Rfe8 20. Qf3 f5 21.
Bb5 Bf8 22. Bg5 Be7 23. Bh6 Bf8 24. Bd2 Qxc2 25. Bg5 Be7 26. Rfc1 Qe4 27. Qxe4
fxe4 28. Bh6 Bxa3 29. Bxe8 Bxc1 30. Bf7+ Kxf7 31. Rxb7+ Ke8 32. Bxc1 Rc8 33.
Ba3 Rc7 34. Rb8+ Kd7 35. Bc5 a5 36. Kf2 Rc8 37. Rb7+ Kc6 38. Ra7 Kb5 39. Rxh7
Rb8 40. Rh4 e3+ 41. Ke2 Kc4 42. Ba3 Rb3 43. Bc1 Rc3 0-1

[Event "Litomysl 2006"]
[Site "?"]
[Date "2006.12.28"]
[Round "3.8"]
[White "Manik, Mikulas"]
[Black "Fuchs, Georg"]
[Result "1/2-1/2"]
[WhiteElo "2454"]
[BlackElo "2194"]
[PlyCount "57"]
[EventDate "2006.12.26"]

1. e4 e5 2. Nf3 Nf6 3. Nxe5 d6 4. Nf3 Nxe4 5. d4 d5 6. Bd3 Bd6 7. O-O O-O 8. c4
c6 9. Nc3 Nxc3 10. bxc3 dxc4 11. Bxc4 Bg4 12. Rb1 Nd7 13. h3 Bf5 14. Bd3 Bxd3
15. Qxd3 h6 16. Rd1 Rb8 17. c4 Qa5 18. c5 Bc7 19. Qf5 Rfd8 20. Bf4 Bxf4 21.
Qxf4 Qxa2 22. Qc7 Qd5 23. Rxb7 Rbc8 24. Qf4 Nxc5 25. Rxa7 Rd7 26. Rda1 Ne6 27.
Qg4 Rxa7 28. Rxa7 Rd8 29. Ne5 1/2-1/2

[Event "Litomysl 2006"]
[Site "?"]
[Date "2006.12.28"]
[Round "3.9"]
[White "Biolek, Richard Jr"]
[Black "Slaby, Jerzy"]
[Result "0-1"]
[WhiteElo "2287"]
[BlackElo "2437"]
[PlyCount "108"]
[EventDate "2006.12.26"]

1. e4 c5 2. Nf3 d6 3. d4 cxd4 4. Nxd4 Nf6 5. Nc3 Nc6 6. Bg5 e6 7. Qd2 a6 8.
O-O-O h6 9. Be3 Be7 10. f4 Bd7 11. Nf3 b5 12. e5 b4 13. Na4 Ne4 14. Qd3 d5 15.
Nb6 Rb8 16. Nxd7 Qxd7 17. Qxe4 dxe4 18. Rxd7 Kxd7 19. Nd2 a5 20. Nxe4 Rhd8 21.
Bd3 Ke8 22. Rd1 a4 23. Nc5 a3 24. b3 Kf8 25. Ne4 Nd4 26. Nd6 Bxd6 27. Bxd4 Be7
28. Be3 Rbc8 29. Kd2 Bc5 30. h4 Ke7 31. h5 f6 32. exf6+ gxf6 33. g4 Bxe3+ 34.
Kxe3 Rc5 35. Rg1 e5 36. Rg2 exf4+ 37. Kxf4 Re5 38. Rg1 Kd6 39. Rd1 Kc5 40. Kf3
Rd6 41. Kf2 f5 42. Rg1 f4 43. Kf3 Rd4 44. Kf2 Kd6 45. Rd1 Ke7 46. Rg1 Kf6 47.
Rh1 Kg5 48. Rg1 Re3 49. Rd1 Re7 50. Kf3 Rd5 51. Rd2 Re3+ 52. Kf2 Rh3 53. Rd1
Rh2+ 54. Kg1 Rxd3 0-1

[Event "Litomysl 2006"]
[Site "?"]
[Date "2006.12.28"]
[Round "3.10"]
[White "Bujnoch, Radek"]
[Black "Zawadzki, Stanislaw"]
[Result "1/2-1/2"]
[WhiteElo "2250"]
[BlackElo "2422"]
[PlyCount "53"]
[EventDate "2006.12.26"]

1. e4 c5 2. Nf3 Nc6 3. d4 cxd4 4. Nxd4 Nf6 5. Nc3 d6 6. f3 Qb6 7. Nb3 e6 8. Qe2
a6 9. Be3 Qc7 10. O-O-O b5 11. g4 Ne5 12. Bd4 Bb7 13. Qf2 Nfd7 14. g5 Rb8 15.
Re1 b4 16. Nd1 Rc8 17. Ne3 a5 18. Kb1 a4 19. Nc1 Nc6 20. Qd2 Nde5 21. Bxe5 dxe5
22. Bb5 Be7 23. Bxa4 O-O 24. Bxc6 Qxc6 25. h4 Ra8 26. Ng4 Qc5 27. Nb3 1/2-1/2

[Event "Litomysl 2006"]
[Site "?"]
[Date "2006.12.28"]
[Round "3.11"]
[White "Jedlicka, Ales"]
[Black "Groetz, Harald"]
[Result "1/2-1/2"]
[WhiteElo "2235"]
[BlackElo "2399"]
[PlyCount "92"]
[EventDate "2006.12.26"]

1. d4 d5 2. c4 c6 3. Nf3 Nf6 4. Nc3 dxc4 5. a4 Bf5 6. e3 e6 7. Bxc4 Bb4 8. O-O
Nbd7 9. Qe2 O-O 10. e4 Bg4 11. h3 Bxf3 12. Qxf3 e5 13. d5 Nb6 14. Bb3 Bxc3 15.
bxc3 cxd5 16. exd5 e4 17. Qf5 Nbxd5 18. Rd1 Ne7 19. Qc5 b6 20. Qb4 Qc7 21. Bg5
Qe5 22. Qb5 Ng6 23. Qxe5 Nxe5 24. Bxf6 gxf6 25. Bd5 Rac8 26. Bxe4 Rxc3 27. f4
Ng6 28. Rd7 Nxf4 29. Rxa7 Re8 30. Ra8 Rxa8 31. Bxa8 Ne2+ 32. Kf2 Nd4 33. Re1
Ra3 34. Re7 Ra2+ 35. Kf1 Rxa4 36. Bd5 Ne6 37. Bxe6 Rf4+ 38. Kg1 fxe6 39. Rxe6
b5 40. Rb6 b4 41. g3 Rc4 42. Rxf6 Rc2 43. Rb6 Rb2 44. Rb7 b3 45. g4 Kf8 46. g5
Kg8 1/2-1/2

[Event "Litomysl 2006"]
[Site "?"]
[Date "2006.12.28"]
[Round "3.12"]
[White "Zilka, Stepan"]
[Black "Cerveny, Petr"]
[Result "1-0"]
[WhiteElo "2375"]
[BlackElo "2286"]
[PlyCount "73"]
[EventDate "2006.12.26"]

1. e4 c5 2. Nf3 e6 3. c3 Nf6 4. e5 Nd5 5. d4 cxd4 6. cxd4 d6 7. a3 Bd7 8. Bd3
Bc6 9. O-O Nd7 10. Bd2 dxe5 11. dxe5 g6 12. Nc3 Bg7 13. Re1 O-O 14. Qe2 a6 15.
Rad1 Qb8 16. Be4 Re8 17. Bxd5 exd5 18. Bf4 d4 19. Rxd4 Bxf3 20. gxf3 Nxe5 21.
Re4 f6 22. Bxe5 Rxe5 23. Rxe5 fxe5 24. Qc4+ Kh8 25. Ne4 Qd8 26. Re3 b5 27. Qc6
Qc8 28. Qd5 Qg8 29. Rd3 Qxd5 30. Rxd5 Kg8 31. Rc5 Bh6 32. Rc7 Rf8 33. Kg2 Rf7
34. Rc6 Ra7 35. Kf1 Kf7 36. Nd6+ Ke6 37. Nc8+ 1-0

[Event "Litomysl 2006"]
[Site "?"]
[Date "2006.12.28"]
[Round "3.13"]
[White "Giuriati, Paolo"]
[Black "Mudrak, Josef"]
[Result "0-1"]
[WhiteElo "2209"]
[BlackElo "2343"]
[PlyCount "54"]
[EventDate "2006.12.26"]

1. Nf3 Nf6 2. c4 g6 3. b4 Bg7 4. Bb2 O-O 5. e3 d6 6. d4 Nbd7 7. Be2 e5 8. O-O
exd4 9. Nxd4 Re8 10. Nd2 a6 11. N2b3 Qe7 12. Nf3 Ne5 13. c5 Neg4 14. cxd6 cxd6
15. Bd4 Bh6 16. Nfd2 Bf5 17. Na5 Rac8 18. Bf3 d5 19. Bc5 Qc7 20. Bxg4 Nxg4 21.
Nf3 Be4 22. Re1 b6 23. h3 Bxf3 24. Qxf3 Qh2+ 25. Kf1 Ne5 26. Qxd5 bxc5 27. b5
Rcd8 0-1

[Event "Litomysl 2006"]
[Site "?"]
[Date "2006.12.28"]
[Round "3.16"]
[White "Kaufeld, Juergen"]
[Black "Jacko, Vladimir"]
[Result "1/2-1/2"]
[WhiteElo "2308"]
[BlackElo "2186"]
[PlyCount "166"]
[EventDate "2006.12.26"]

1. e4 d6 2. d4 Nf6 3. Nc3 g6 4. f4 Bg7 5. Nf3 c6 6. Bd3 O-O 7. O-O Na6 8. a3 b5
9. Qe1 b4 10. Ne2 bxa3 11. Rxa3 Nc7 12. Qh4 Nb5 13. Ra2 d5 14. e5 Ne4 15. c4
Nc7 16. Bxe4 dxe4 17. Ng5 h6 18. Nxe4 Bf5 19. Nc5 Ne6 20. Nxe6 Bxe6 21. b3 Qb6
22. Qg3 Kh7 23. Ba3 Qb7 24. Bc5 Rfb8 25. Ra3 f6 26. Qe3 f5 27. Rfa1 a6 28. h3
Rg8 29. Qd2 Bc8 30. Qb4 Qxb4 31. Bxb4 e6 32. Bd6 g5 33. Kf2 Ra7 34. Ra4 Kg6 35.
Rb4 Rb7 36. Raa4 Rd8 37. g3 Rdd7 38. Ke3 Rxb4 39. Rxb4 Rb7 40. Nc1 Rxb4 41.
Bxb4 h5 42. Nd3 Bh6 43. Be7 g4 44. h4 Kf7 45. Bd6 Ke8 46. Kd2 Kd8 47. Kc3 a5
48. Kb2 c5 49. Bxc5 Kc7 50. Kc3 Kc6 51. Ba3 Bb7 52. b4 axb4+ 53. Nxb4+ Kd7 54.
Nc2 Be4 55. Ne3 Bxf4 56. gxf4 g3 57. d5 g2 58. Nxg2 Bxg2 59. Kd4 Bf1 60. Kc5
Be2 61. Bb4 Bf1 62. Ba5 Be2 63. Kd4 Bf3 64. Bb4 Bg2 65. Kc5 Bf1 66. dxe6+ Kxe6
67. Kd4 Be2 68. Ba3 Bf1 69. c5 Bb5 70. Kc3 Kd5 71. Kb4 Bd7 72. Ka5 Kc6 73. Kb4
Be6 74. Kc3 Kd5 75. Kd3 Bd7 76. e6 Kxe6 77. Kd4 Be8 78. Bb2 Bd7 79. Kc4 Be8 80.
Be5 Bd7 81. Kb4 Kd5 82. Bd6 Be8 83. Ka5 Kc6 1/2-1/2

[Event "Litomysl 2006"]
[Site "?"]
[Date "2006.12.28"]
[Round "3.17"]
[White "Vukovic, Ivo"]
[Black "Bebel, Arkadiusz"]
[Result "1/2-1/2"]
[WhiteElo "2304"]
[BlackElo "2133"]
[PlyCount "50"]
[EventDate "2006.12.26"]

1. Nf3 Nf6 2. b3 c5 3. Bb2 Nc6 4. e3 d5 5. Bb5 Bg4 6. h3 Bxf3 7. Qxf3 e6 8. O-O
a6 9. Bxc6+ bxc6 10. d3 Be7 11. Nd2 O-O 12. e4 Nd7 13. Rfe1 Bf6 14. Bxf6 Qxf6
15. Qxf6 Nxf6 16. Nf3 Nd7 17. Rad1 a5 18. a4 Rab8 19. Re3 Rb4 20. Nd2 Rd8 21.
Ra1 Kf8 22. f4 Nf6 23. exd5 cxd5 24. g3 h5 25. h4 g6 1/2-1/2

[Event "Litomysl 2006"]
[Site "?"]
[Date "2006.12.28"]
[Round "3.18"]
[White "Macicek, Jan  sen"]
[Black "Cerveny, Martin"]
[Result "0-1"]
[WhiteElo "2155"]
[BlackElo "2297"]
[PlyCount "74"]
[EventDate "2006.12.26"]

1. Nf3 d5 2. d4 e6 3. Bg5 Nf6 4. e3 c5 5. Nbd2 Qb6 6. Qc1 h6 7. Bh4 cxd4 8.
exd4 g5 9. Bg3 g4 10. Ne5 Qxd4 11. Be2 h5 12. Nb3 Qb6 13. Qf4 Qb4+ 14. Qxb4
Bxb4+ 15. c3 Be7 16. h3 Rg8 17. hxg4 hxg4 18. Bh4 Nbd7 19. Bxf6 Nxf6 20. Rh4 g3
21. f4 Bd6 22. Nd4 a6 23. O-O-O Bd7 24. Rd3 Ke7 25. Re3 Rg7 26. Bf3 Rc8 27. Rh6
Bxe5 28. Rxe5 Ng8 29. Rh3 Kd6 30. Ne2 Rc4 31. b3 Rxf4 32. Nxf4 Kxe5 33. Nh5 Rg5
34. Nxg3 Kd6 35. Ne2 e5 36. Rh2 Nf6 37. Ng1 e4 0-1

[Event "Litomysl 2006"]
[Site "?"]
[Date "2006.12.28"]
[Round "3.19"]
[White "Berescu, Alin"]
[Black "Machlowski, Slawomir"]
[Result "1/2-1/2"]
[WhiteElo "2485"]
[BlackElo "2122"]
[PlyCount "58"]
[EventDate "2006.12.26"]

1. e4 e6 2. d4 c5 3. Nf3 cxd4 4. Nxd4 Qb6 5. Nb3 Qc7 6. Nc3 a6 7. Bd3 b5 8. Qe2
d6 9. Bd2 Nf6 10. f4 Nfd7 11. a4 bxa4 12. Rxa4 Nb6 13. Ra1 Be7 14. O-O O-O 15.
Kh1 Bf6 16. e5 dxe5 17. Ne4 Bb7 18. Nbc5 Bd5 19. Qh5 N8d7 20. Ba5 Bxe4 21. Bxb6
Nxb6 22. Nxe4 Nd7 23. fxe5 g6 24. Nxf6+ Nxf6 25. Qg5 Nd7 26. Rae1 Qd8 27. Qh6
Qc7 28. Qg5 Qd8 29. Qh6 Qc7 1/2-1/2

[Event "Litomysl 2006"]
[Site "?"]
[Date "2006.12.28"]
[Round "3.21"]
[White "Kool, Gerard"]
[Black "Grecescu, Gabriel-Andrei"]
[Result "0-1"]
[WhiteElo "2109"]
[BlackElo "2405"]
[PlyCount "42"]
[EventDate "2006.12.26"]

1. Nf3 g6 2. c4 c5 3. Nc3 Bg7 4. g3 Nc6 5. Bg2 d6 6. d3 e6 7. Bg5 Nge7 8. Qc1
h6 9. Bd2 b6 10. a3 Bb7 11. O-O Qd7 12. e3 O-O 13. Rb1 g5 14. h3 Ng6 15. Ne2 f5
16. d4 e5 17. Bc3 g4 18. Nh2 cxd4 19. exd4 Nxd4 20. Bd5+ Bxd5 21. Bxd4 Bf3 0-1

[Event "Litomysl 2006"]
[Site "?"]
[Date "2006.12.28"]
[Round "3.23"]
[White "Spirin, Oleg"]
[Black "Holusova, Tana"]
[Result "1-0"]
[WhiteElo "2345"]
[BlackElo "2097"]
[PlyCount "51"]
[EventDate "2006.12.26"]

1. d4 Nf6 2. c4 e6 3. Nc3 Bb4 4. e3 b6 5. Nge2 Bb7 6. a3 Be7 7. d5 O-O 8. Ng3
d6 9. e4 exd5 10. exd5 Re8 11. Be2 a5 12. O-O Nbd7 13. Be3 Bf8 14. Qc2 Ne5 15.
Bd4 Bc8 16. Rae1 Bd7 17. f4 Neg4 18. Qd2 Nh6 19. f5 Nfg4 20. h3 Ne5 21. f6 g6
22. Be3 Nf5 23. Nxf5 Bxf5 24. g4 Bd7 25. Bh6 Kh8 26. Ne4 1-0

[Event "Litomysl 2006"]
[Site "?"]
[Date "2006.12.28"]
[Round "3.32"]
[White "Goemann, Jens"]
[Black "Macicek, Jan  jun"]
[Result "1-0"]
[WhiteElo "2176"]
[BlackElo "2009"]
[PlyCount "55"]
[EventDate "2006.12.26"]

1. c4 e5 2. g3 Nf6 3. Bg2 c6 4. d4 exd4 5. Qxd4 d5 6. Nf3 Be7 7. cxd5 cxd5 8.
O-O O-O 9. Qa4 Nc6 10. Nd4 Qb6 11. Nxc6 bxc6 12. Qc2 Bg4 13. Nc3 Rfd8 14. Bf4
Rac8 15. Rac1 c5 16. b3 Qe6 17. e4 d4 18. Nd5 Bd6 19. Bg5 Be7 20. h3 Bh5 21.
Rfe1 h6 22. Bxf6 Bxf6 23. f4 d3 24. Qxd3 Bd4+ 25. Kh1 g5 26. f5 Qe5 27. g4 f6
28. gxh5 1-0

[Event "Litomysl 2006"]
[Site "?"]
[Date "2006.12.28"]
[Round "3.34"]
[White "Gruber, Michael"]
[Black "Benda, Robert"]
[Result "1-0"]
[WhiteElo "2150"]
[BlackElo "2007"]
[PlyCount "59"]
[EventDate "2006.12.26"]

1. e4 g6 2. d4 Bg7 3. Nc3 d6 4. Be3 Nd7 5. Qd2 a6 6. Nf3 b6 7. Bc4 e6 8. Bg5
Ndf6 9. e5 dxe5 10. Nxe5 h6 11. Bh4 Ne7 12. O-O-O Bb7 13. Rhe1 O-O 14. Bxf6
Bxf6 15. Qxh6 Nd5 16. Qd2 Bg5 17. Re3 Nxe3 18. fxe3 c5 19. h4 Bxh4 20. Qe2 Qc7
21. Qg4 Bf6 22. Nxg6 fxg6 23. Qxg6+ Bg7 24. Bxe6+ Rf7 25. Rf1 Raf8 26. Rh1 Re8
27. Bxf7+ Qxf7 28. Rh8+ Kxh8 29. Qxf7 Bc6 30. d5 1-0

[Event "Litomysl 2006"]
[Site "?"]
[Date "2006.12.28"]
[Round "3.37"]
[White "Svoboda, Vaclav"]
[Black "Streiter, Gerhard"]
[Result "1-0"]
[WhiteElo "2129"]
[BlackElo "1960"]
[PlyCount "71"]
[EventDate "2006.12.26"]

1. e4 c5 2. Nf3 d6 3. d4 cxd4 4. Nxd4 Nf6 5. Nc3 g6 6. f4 Nc6 7. Nxc6 bxc6 8.
e5 Nd7 9. exd6 exd6 10. Be3 Be7 11. Be2 O-O 12. O-O Nf6 13. Bf3 d5 14. Ne2 Ng4
15. Bxg4 Bxg4 16. h3 Bxe2 17. Qxe2 Re8 18. Qf2 f5 19. Rad1 Qa5 20. Bd4 Bf8 21.
g4 fxg4 22. f5 gxf5 23. Qxf5 Qc7 24. Qxg4+ Bg7 25. Rd3 Re4 26. Qxg7+ Qxg7+ 27.
Bxg7 Kxg7 28. Rg3+ Kh8 29. Rf6 Re1+ 30. Kf2 Rae8 31. Rxc6 R1e2+ 32. Kg1 Rd2 33.
Rg2 Rd1+ 34. Kh2 Rd4 35. b3 Rde4 36. a4 1-0

[Event "Litomysl 2006"]
[Site "?"]
[Date "2006.12.28"]
[Round "4.1"]
[White "Dydyshko, Viacheslav"]
[Black "Cernousek, Lukas"]
[Result "1/2-1/2"]
[WhiteElo "2562"]
[BlackElo "2408"]
[PlyCount "113"]
[EventDate "2006.12.26"]

1. d4 d5 2. c4 dxc4 3. Nf3 Nf6 4. e3 e6 5. Bxc4 c5 6. O-O a6 7. dxc5 Bxc5 8.
Qxd8+ Kxd8 9. Be2 Ke7 10. Nbd2 Bd7 11. a3 Bb5 12. Bxb5 axb5 13. Nb3 Nbd7 14.
Bd2 Ne4 15. Rfd1 Rhc8 16. Nxc5 Ndxc5 17. Bb4 Nd6 18. Rac1 b6 19. Kf1 f6 20. Nd4
Ra7 21. Rc2 Rd7 22. Rdc1 Rdc7 23. Ne2 Na6 24. Rxc7+ Rxc7 25. Rxc7+ Nxc7 26. Nd4
Kd7 27. Ke2 g6 28. Kd3 e5 29. Ne2 f5 30. b3 Na6 31. Bc3 Nc5+ 32. Kc2 Ke6 33.
Bb4 Kd5 34. f3 Na6 35. Be1 Nc5 36. Bh4 Na6 37. Be7 b4 38. a4 Nc5 39. Bd8 Kc6
40. Bh4 e4 41. Bg3 Nd3 42. Kd2 Nb7 43. fxe4 fxe4 44. Nd4+ Kd7 45. Bh4 Na5 46.
Kc2 Nc6 47. Ne2 Ke6 48. h3 Kd5 49. Kd2 Nc5 50. Kc2 Ne6 51. Bf6 Nc7 52. Nf4+ Kd6
53. Bg7 b5 54. Bf8+ Ke5 55. Bc5 bxa4 56. bxa4 Nd5 57. Ne2 1/2-1/2

[Event "Litomysl 2006"]
[Site "?"]
[Date "2006.12.28"]
[Round "4.2"]
[White "Simacek, Pavel"]
[Black "Kanovsky, David"]
[Result "1/2-1/2"]
[WhiteElo "2479"]
[BlackElo "2390"]
[PlyCount "128"]
[EventDate "2006.12.26"]

1. b3 e5 2. Bb2 d6 3. c4 Nf6 4. g3 Nbd7 5. Bg2 g6 6. d4 Bg7 7. Nc3 O-O 8. Nf3
Re8 9. O-O c6 10. e4 exd4 11. Nxd4 Nc5 12. Re1 Qb6 13. Rb1 a5 14. Ba1 Ng4 15.
h3 Ne5 16. Bf1 a4 17. bxa4 Qa7 18. Nb3 Nxa4 19. Nxa4 Qxa4 20. f4 Nd7 21. Bxg7
Kxg7 22. Qxd6 Qxa2 23. Bg2 Nf8 24. Kh2 Be6 25. Qd4+ Kg8 26. Rb2 Qa7 27. Nc5
Red8 28. Qf2 Bxc4 29. Rxb7 Qa2 30. Rb2 Qa7 31. Rc1 Bb5 32. e5 Nd7 33. Ne4 Qxf2
34. Rxf2 Kf8 35. Nd6 Ra6 36. Nxb5 cxb5 37. Rd2 Ke8 38. Rc7 Nb8 39. Rxd8+ Kxd8
40. Rb7 Nd7 41. Rxb5 f6 42. exf6 Nxf6 43. Rb7 Rd6 44. g4 Rd7 45. Rb8+ Ke7 46.
Bf3 Kf7 47. g5 Ng8 48. h4 Ne7 49. Bg4 Rd4 50. Kg3 Rd3+ 51. Kf2 Rd2+ 52. Kf3 Ra2
53. Rb7 Ra3+ 54. Ke4 Ra4+ 55. Kf3 Ra3+ 56. Kf2 Ra4 57. Kg3 Ra3+ 58. Bf3 Kf8 59.
Rb8+ Kg7 60. Kf2 Ra4 61. h5 gxh5 62. Rb7 Kf8 63. f5 Nxf5 64. Rxh7 h4 1/2-1/2

[Event "Litomysl 2006"]
[Site "?"]
[Date "2006.12.28"]
[Round "4.3"]
[White "Grunberg, Mihai-Lucian"]
[Black "Rutkowski, Maciej"]
[Result "1-0"]
[WhiteElo "2414"]
[BlackElo "2296"]
[PlyCount "61"]
[EventDate "2006.12.26"]

1. Nf3 Nf6 2. c4 g6 3. g3 c5 4. Bg2 Bg7 5. O-O O-O 6. d4 cxd4 7. Nxd4 Nc6 8.
Nc3 Ng4 9. e3 Nge5 10. b3 d6 11. Bb2 a6 12. Qd2 Rb8 13. Rad1 Nxd4 14. exd4 Ng4
15. Rfe1 Nf6 16. h3 b6 17. Qe2 e6 18. c5 Qc7 19. cxd6 Qxd6 20. d5 exd5 21. Nxd5
Nxd5 22. Bxd5 Qc7 23. Ba3 Bxh3 24. Bxf8 Rxf8 25. Qxa6 Bg4 26. Rc1 Qd6 27. Qc4
Bh6 28. Rc2 Rc8 29. Qd4 Bf8 30. Rxc8 Bxc8 31. Qc4 1-0

[Event "Litomysl 2006"]
[Site "?"]
[Date "2006.12.28"]
[Round "4.4"]
[White "Slaby, Jerzy"]
[Black "Sabol, Marian"]
[Result "1/2-1/2"]
[WhiteElo "2437"]
[BlackElo "2310"]
[PlyCount "80"]
[EventDate "2006.12.26"]

1. e4 c6 2. d4 d5 3. Nc3 g6 4. e5 h5 5. f4 Nh6 6. Nf3 Bg4 7. Be3 Nf5 8. Bf2 e6
9. h3 Bxf3 10. Qxf3 h4 11. Bd3 Na6 12. a3 Nc7 13. O-O Be7 14. b3 Kf8 15. Ne2
Kg7 16. c4 b5 17. cxb5 cxb5 18. Rfc1 Qd7 19. Be1 a5 20. a4 b4 21. Rc2 Rhc8 22.
Rac1 Qd8 23. Kh2 Nh6 24. Ng1 Ne8 25. Qe2 Rxc2 26. Qxc2 Kf8 27. Nf3 Ng7 28. Bf2
Nhf5 29. Qc7 Qxc7 30. Rxc7 Bd8 31. Rc6 Ne7 32. Rc2 Nef5 33. Ng5 Bxg5 34. fxg5
Ne7 35. Bxh4 Rc8 36. Rc5 Rxc5 37. dxc5 Ngf5 38. Bf2 Nc6 39. Bb5 Nfe7 40. g4 Kg7
1/2-1/2

[Event "Litomysl 2006"]
[Site "?"]
[Date "2006.12.28"]
[Round "4.7"]
[White "Mudrak, Josef"]
[Black "Fuchs, Georg"]
[Result "1-0"]
[WhiteElo "2343"]
[BlackElo "2194"]
[PlyCount "71"]
[EventDate "2006.12.26"]

1. Nf3 g6 2. g3 Bg7 3. Bg2 e5 4. e4 Ne7 5. O-O O-O 6. c3 d5 7. d3 Nbc6 8. Qc2
h6 9. b4 Be6 10. b5 dxe4 11. dxe4 Na5 12. Na3 c6 13. Rd1 Qc7 14. Bf1 Rac8 15.
Be3 f5 16. Bh3 Nc4 17. Nxc4 Bxc4 18. Nh4 cxb5 19. exf5 gxf5 20. Nxf5 Nxf5 21.
Bxf5 Rcd8 22. Qe4 Qc6 23. Qg4 b6 24. Bd7 Qf6 25. Rd2 Kh8 26. a4 e4 27. axb5
Qxc3 28. Rdd1 Rf7 29. Rac1 Qb3 30. Qh5 Be6 31. Bc6 Rxd1+ 32. Rxd1 Rf5 33. Rd8+
Bf8 34. Qxh6+ Kg8 35. Qg6+ Kh8 36. Bd4+ 1-0

[Event "Litomysl 2006"]
[Site "?"]
[Date "2006.12.28"]
[Round "4.8"]
[White "Plat, Vojtech"]
[Black "Manik, Mikulas"]
[Result "0-1"]
[WhiteElo "2252"]
[BlackElo "2454"]
[PlyCount "88"]
[EventDate "2006.12.26"]

1. e4 c5 2. Nf3 Nc6 3. d4 cxd4 4. Nxd4 Nf6 5. Nc3 d6 6. Be2 g6 7. O-O Bg7 8.
Be3 O-O 9. f4 Qb6 10. Na4 Qb4 11. c3 Qa5 12. b4 Qc7 13. Bf3 Bd7 14. Rc1 Rad8
15. Nb2 Qb8 16. Qe2 e5 17. Nb3 exf4 18. Bxf4 Ne5 19. Nd4 Rfe8 20. Bxe5 Rxe5 21.
Nc4 Re7 22. Qf2 Qc7 23. Nb2 Bc6 24. Nxc6 bxc6 25. Rfe1 Rde8 26. Qh4 h6 27. Nc4
d5 28. exd5 Rxe1+ 29. Rxe1 Rxe1+ 30. Qxe1 Nxd5 31. Bxd5 cxd5 32. Ne3 Bxc3 33.
Nxd5 Bd4+ 34. Kh1 Qc4 35. Nf4 Qxa2 36. h3 Qc4 37. Ne2 Be5 38. Ng1 Bd6 39. Qe8+
Kg7 40. b5 Qf4 41. Nf3 Qc1+ 42. Qe1 Qxe1+ 43. Nxe1 Kf6 44. Nf3 Ke6 0-1